| 000 | 02094nam0a2200349 i 4500 | ||
|---|---|---|---|
| 001 | RU\NLR\bibl\1913530 | ||
| 005 | 20260407123937.0 | ||
| 010 |
_a9785789006528 _9500 |
||
| 021 |
_aRU _b2012-36825 _92732 |
||
| 035 | _a(NLR Aleph) 001903054 | ||
| 090 |
_a3073921 _c3073921 |
||
| 100 | _a20120609d2011 u y0rusy50 ca | ||
| 101 | 0 | _arus | |
| 102 | _aRU | ||
| 105 | _aa ||||||||| | ||
| 200 | 1 |
_aПсихология личности и группы _eучебное пособие _e[для студентов высших учебных заведений технических и гуманитарных специальностей непсихологического профиля] _fМ-во образования и науки Рос. Федерации, Федер. гос. бюджет. учреждение выс. проф. образования "Дон. гос. техн. ун-т" _g[М.В. Васильченко и др.] _gпод общ. ред. д.филол.н. С.Н. Яременко |
|
| 210 |
_aРостов-на-Дону _cИздательский центр ДГТУ _d2011 |
||
| 215 |
_a173 с. _cил. _d20 |
||
| 320 | _aБиблиогр.: с. 172-173 (30 назв.) | ||
| 606 |
_aПсихология _jУчебные издания для высших учебных заведений _9931820 _3RU\NLR\auth\6624683 |
||
| 606 |
_aПсихология социальная _jУчебные издания для высших учебных заведений _9930117 _3RU\NLR\auth\6623776 |
||
| 686 | _aЮ93я73 | ||
| 686 | _aС581я73 | ||
| 702 | 1 |
_aВасильченко _bМ. В. _gМарина Владимировна _4220 |
|
| 702 | 1 |
_aЯременко _bС. Н. _gСветлана Николаевна _4340 |
|
| 712 | 0 | 2 |
_4570 _aДонской государственный технический университет _cРостов-на-Дону _3RU\NLR\AUTH\889964470 _9425177 |
| 801 | 0 |
_aRU _bNLR _c20120609 _gRCR |
|
| 801 | 1 |
_aRU _bNLR _c20120609 |
|
| 830 | _aсост. по кн.; ред. по базе | ||
| 942 | _cBOOK | ||
| 980 | _aNBR | ||